[Event "Saint Louis GM"]
[Site "Saint Louis"]
[Date "2013.11.26"]
[Round "6"]
[White "Sarkar, Justin"]
[Black "Yang, Darwin"]
[Result "0-1"]
[WhiteElo "2432"]
[BlackElo "2482"]
[PlyCount "104"]
[EventDate "2013.11.21"]
[EventType "tourn"]
[EventRounds "9"]
[EventCountry "USA"]
[EventCategory "8"]
[SourceTitle "CBM 157 Extra"]
[Source "ChessBase"]
[SourceDate "2013.12.19"]
[SourceVersion "1"]
[SourceVersionDate "2013.12.19"]
[SourceQuality "1"]

1. d4 Nf6 2. c4 e6 3. Nf3 b6 4. g3 Ba6 5. Nbd2 Bb7 6. Bg2 c5 7. e4 d6 8. 0-0 cxd4 9. Nxd4 Nbd7 10. Re1 Qc8 11. a4 Be7 12. a5 bxa5 13. N2b3 0-0 14. Nxa5 Ne5 15. b3 Bd8 16. Nxb7 Qxb7 17. h3 Bb6 18. Be3 Rad8 19. f4 Qc8 20. Qe2 Ng6 21. Nb5 Bxe3+ 22. Qxe3 a6 23. Nxd6 Rxd6 24. e5 Rd7 25. exf6 gxf6 26. Qb6 Rd3 27. Be4 Rd2 28. Rxa6 f5 29. Ra8 Qd7 30. Rxf8+ Nxf8 31. Bf3 Qd3 32. Qe3 Qc2 33. Re2 Qb1+ 34. Re1 Qc2 35. Be2 Nd7 36. Bf1 Nf6 37. b4 Ne4 38. b5 Qb2 39. c5 Rc2 40. Re2 Rxe2 41. Bxe2 Nxc5 42. Qxc5 Qxe2 43. Qc8+ Kg7 44. Qc3+ Kg6 45. b6 Qd1+ 46. Kf2 Qh1 47. Qc7 Qd1 48. Ke3 f6 49. g4 Qb3+ 50. Kf2 Qb2+ 51. Kg3 Qb3+ 52. Kh4 Qe3 0-1

[Event "Los Angeles Metropolitan 28th"]
[Site "Los Angeles"]
[Date "2013.08.17"]
[Round "7"]
[White "Yang, Darwin"]
[Black "Amanov, Zhanibek"]
[Result "1/2-1/2"]
[WhiteElo "2480"]
[BlackElo "2361"]
[PlyCount "59"]
[EventDate "2013.08.13"]
[EventType "tourn"]
[EventRounds "9"]
[EventCountry "USA"]
[EventCategory "8"]
[SourceTitle "CBM 156 Extra"]
[Source "ChessBase"]
[SourceDate "2013.10.22"]
[SourceVersion "1"]
[SourceVersionDate "2013.10.22"]
[SourceQuality "1"]

1. d4 Nf6 2. c4 e6 3. Nf3 Bb4+ 4. Nbd2 b6 5. a3 Bxd2+ 6. Qxd2 Bb7 7. e3 0-0 8. Be2 d6 9. 0-0 a5 10. b3 Nbd7 11. Bb2 Qe7 12. Qc2 c5 13. dxc5 Nxc5 14. b4 Ncd7 15. Rfd1 Rfc8 16. Qd2 d5 17. cxd5 Nxd5 18. bxa5 Rxa5 19. Rac1 Nc5 20. Qd4 f6 21. Qg4 Na4 22. Rxc8+ Bxc8 23. Bc1 Nac3 24. Re1 Ra4 25. Nd4 Nxe2+ 26. Qxe2 e5 27. Qc2 Ra8 28. Qb3 Qf7 29. Nc6 Bb7 30. Qxd5 1/2-1/2